000 01683cam a22004337a 4500
001 000094755
003 CHAP
005 20220329143041.0
008 051026d2005 mx d r 00110 spa d
010 _a91221
011 _a92193
035 _a102756
040 _cCHAP
090 _aTesis
100 0 0 _aSerrano Covarrubias, Luis Manuel.
_9105212
245 1 0 _aSistema de investigación del cultivo de frigol en México /
_c/por Luis Manuel Serrano Covarrubias.
260 _aChapingo, Méx. :
_bEl autor,
_c2005.
300 _a154 h. :
_bgráfs. ; cuadros.
502 _aTesis (Dr. en Problemas Económico Agroindustriales) -- UACH. Centro de Investigaciones Económicas, Sociales y Tecnológicas de la Agroindustria y la Agricultura Mundial
590 _aALEPH
_b10
_c20130110
_lUCH01
_h1507
590 _aBATCH-UPD
_b10
_c20130110
_lUCH01
_h0653
590 _aBATCH-UPD
_b10
_c20130410
_lUCH01
_h0338
590 _aBATCH-UPD
_b10
_c20130914
_lUCH01
_h1443
590 _aBATCH-UPD
_b10
_c20140324
_lUCH01
_h1452
590 _aBATCH-UPD
_b10
_c20140805
_lUCH01
_h1148
590 _aBATCH-UPD
_b10
_c20141002
_lUCH01
_h0827
590 _aCONVERSION
_b10
_c20130109
_lUCH01
_h1351
590 _aE792CSJ
_b10
_c20130619
_lUCH01
_h1102
650 1 4 _aAgricultura
_xInvestigación.
_91577
650 1 4 _aFrijol
_xInvestigación.
_943397
650 1 4 _aFrijol
_xMéxico.
_943408
856 _3Finding aid
_uhttp://10.13.5.2/tesis/102756.pdf
_zTeclea aquí
901 _aBK
905 _aMarco A. Mendoza T.
942 _cCD
942 _n0
949 _aTesis
_bBC
_cTES
_d1027561
_eTS1
_gDonaciØn
_h44269
_i102756
_sb
949 _aTesis
_bBC
_cTES
_d33724000967006
_eTS2
_fc.2
_gDonaciØn
_h44270
_i102756
_si
999 _c91221
_d91221